00322nam a2200109Ia 450000500170000000800410001710000180005824500890007626000120016530000110017765000240018820260328101455.0260328s9999||||xx |||||||||||||| ||und|| aMeyers, Linda 0aWary Meyer's Tossed & Found :b Unconventional Design from cast-offs /cLinda Meyers bStewart a205 p. aDISEÑO INDUSTRIAL